V oblasti poľnohospodárstva eurofondy využívame veľmi dobre

Podrobná bibliografia
Ďalší autori: Mešťánek, Ľubomír (Tazateľ)
Médium: Článok
Jazyk:slovenčina
Fyzický popis:Fotogr.
ISSN:1335-0307
Predmet:

MARC

LEADER 00000nab a2200000 a 4500
001 vtls008153513
003 SK-MaSNL
005 20260426072224.0
008 140429c2004 xo mr|p|||||||000 b|slo
015 |a SNBRB2005/05  |2 snkbucl 
038 |a SNKBUCL 
040 |a SNKBUCL  |b slo  |c SNKBUCL  |e AACR2 
041 0 |a slo 
044 |a xo  |c SK 
080 |a 63(437.6)  |2 1997 
100 1 |a Mešťánek, Ľubomír  |4 ivr  |9 307496 
245 1 0 |a V oblasti poľnohospodárstva eurofondy využívame veľmi dobre  |c Ľubomír Mešťánek, Zsolt Simon 
300 |b Fotogr. 
650 0 7 |a poľnohospodárstvo  |2 snkbucl  |9 679 
651 7 |a Slovensko  |2 snkbucl  |9 14231 
700 1 |a Simon, Zsolt,  |d 1970-  |4 ive  |9 103342 
773 0 |t Parlamentný kuriér  |g Roč. 13, č. marec (2005), s. 6-7  |x 1335-0307 
852 |a SNK  |b KIS3GCP 
999 |c 2686447  |d 2688377